000 01147nam a22001457a 4500
020 _a978-0-00-744783-1
082 _a823
_bMAR/C
100 _aMARTIN, GEORGE R R
245 _aA CLASH OF KINGS
260 _aIRELAND
_bHARPER COLLINS
300 _a913
520 _aAs A Clash of Kings begins, the Seven Kingdoms of Westeros are locked in a bloody civil war. Joff Lannister, who is still a young boy, has recently become king, but Stannis Baratheon and Renly Baratheon both want the crown for themselves. Robb Stark, meanwhile, has recently taken the title of King of the North. Far to the north of this action, the men of the Night’s Watch leave the safety of the Wall to investigate the disappearance of the wilding people, enemies who live in primitive bands and villages in the vast wilderness north of the Wall. Meanwhile, across the narrow sea, Daenerys Targaryen leads her beleaguered band of Dothrakis in search of enough wealth and soldiers to return to Westeros and capture the Iron Throne. Simultaneous developments within these three plots constitute the major action of the novel.
650 _aENGLISH NOVELS
_zIRELAND
942 _cBK
999 _c7026
_d7026